000 01139nam0a2200337 4500
001 RU\NLR\BIBL_A\016369741
005 20230619110014.0
010 _a978-5-0059-7865-3
021 _aRU
_bКН-П-23-025644
_9КН-П-23-2550
035 _a(NLR Aleph) 016369741
035 _a(RuMoRGB)011740542
090 _a13178271
_c13178271
100 _a20230516d2023 u y0rusy50 ca
101 0 _arus
102 _aRU
105 _ay|||z|||000gy
181 0 _ai4
_baxxe
182 0 _an
200 1 _aСпасибо говорю тебе…
_eсборник стихов
_fПавел Захаров
203 _aТекст
_bвизуальный
_cнепосредственный
210 _a[Б. м.]
_cИздательские решения
_d2023
215 _a102 с.
_d21
333 _a16+
675 _a821.161.1-1
_v4
686 2 _aШ6(2=Р)8-5
700 1 _7ca
_8rus
_aЗахаров
_bП.
_cавтор стихов и прозы
_gПавел
_9238371
_3RU\NLR\AUTH\770238427
942 _cBOOK
980 _aNB